[Event "23rd EYCC Open U18 2013"]
[Site "Budva MNE"]
[Date "2013.10.03"]
[Round "5.29"]
[White "Duff,R"]
[Black "Lucovnik,Tilen"]
[Result "1/2-1/2"]
[WhiteElo "2171"]
[BlackElo "1939"]

1.e4 d6 2.d4 Nf6 3.Nc3 e5 4.Nf3 Nbd7 5.Bc4 Be7 6.O-O O-O 7.Re1 c6 8.a4 a5
9.h3 exd4 10.Qxd4 Nc5 11.Bf4 Ne6 12.Bxe6 Bxe6 13.Rad1 d5 14.exd5 Nxd5 15.Nxd5 Qxd5
16.Qxd5 cxd5 17.Nd4 Ra6 18.Rd3 Bf6 19.Be5 Bd7 20.Bxf6 Rxf6 21.b3 Re8 22.Rxe8+ Bxe8
23.Rc3 Kf8 24.Rc8 b6 25.Rd8 Ke7 26.Rxd5 Bd7 27.f3 g6 28.Kf2 Rd6 29.Re5+ Kd8
30.c3 f6 31.Re1 h5 32.h4 g5 33.hxg5 fxg5 34.Re5 Rg6 35.c4 h4 36.Ne2 g4 37.fxg4 Rxg4
38.Nc3 Rg3 39.Re3 Rxe3 40.Kxe3 Kc7 41.Kd4 Kc6 42.Nd5 h3 43.gxh3 Bxh3 44.Ne3 Be6
45.Nd5 Bh3 46.b4 axb4 47.Nxb4+ Kd6 48.Nc2 Bd7  1/2-1/2

[Event "Tatry Open 2013"]
[Site "Tatranske Zruby SVK"]
[Date "2013.10.03"]
[Round "6.9"]
[White "Sikora,J"]
[Black "Mrva,Mart"]
[Result "0-1"]
[WhiteElo "2183"]
[BlackElo "2427"]

1.e4 d6 2.d4 Nf6 3.Nc3 c6 4.f4 Qa5 5.Bd3 e5 6.Nf3 Nbd7 7.O-O Be7 8.Kh1 O-O
9.Qe1 exd4 10.Nxd4 Re8 11.Nf5 Bf8 12.Qh4 Qc7 13.Rf3 Nc5 14.Nh6+ Kh8 15.e5 Nxd3
16.Rxd3 Nd5 17.Nxd5 cxd5 18.Bd2 dxe5 19.fxe5 gxh6 20.Bxh6 Bxh6 21.Qxh6 Qxe5  0-1

[Event "TCh-AUT 2nd Mitte 2013-14"]
[Site "Fuerstenfeld AUT"]
[Date "2013.10.04"]
[Round "1.6"]
[White "Koefeler,C"]
[Black "Hatzl,S"]
[Result "0-1"]
[WhiteElo "2030"]
[BlackElo "2175"]

1.d4 Nf6 2.Nc3 d6 3.e4 e5 4.Nf3 Nbd7 5.Bc4 Be7 6.O-O O-O 7.h3 c6 8.a4 h6
9.Be3 Re8 10.d5 c5 11.Nd2 Nf8 12.Re1 Ng6 13.Bf1 Rf8 14.g3 Ne8 15.Qh5 Kh7
16.Bg2 Bd7 17.Rf1 Qb6 18.Nc4 Qa6 19.Qe2 b6 20.Nd2 Qc8 21.Kh2 Nc7 22.Qh5 Qe8
23.f4 f5 24.exf5 Rxf5 25.Qe2 exf4 26.Bxf4 Nxf4 27.Rxf4 Rxf4 28.gxf4 Bf6 29.Qd3+ Kh8
30.Nde4 Qf8 31.Qg3 Bf5 32.Nxf6 Qxf6 33.Rg1 Re8 34.Bf3 Bxc2 35.Rg2 Bf5 36.Bh5 Re7
37.Bf3 Rf7 38.Bh5 Re7 39.Bg4 Be4 40.Bf3 Bxf3 41.Qxf3 Rf7 42.Rf2 Qd4 43.Ne4 Qxd5
44.Rd2 Qf5 45.Rxd6 Qxf4+ 46.Qxf4 Rxf4 47.Rd8+ Kh7 48.Nc3 Rf2+ 49.Kg3 Rxb2
50.Ne4 Rb3+  0-1

[Event "TCh-AUT 2nd Mitte 2013-14"]
[Site "Fuerstenfeld AUT"]
[Date "2013.10.04"]
[Round "1.1"]
[White "Horvath,Ad1"]
[Black "Supancic,D"]
[Result "1/2-1/2"]
[WhiteElo "2530"]
[BlackElo "2355"]

1.e4 d6 2.d4 Nf6 3.Nc3 e5 4.Nf3 Nbd7 5.Bc4 Be7 6.O-O O-O 7.a4 c6 8.Re1 b6
9.Ba2 a6 10.h3 Rb8 11.Be3 b5 12.axb5 cxb5 13.Nd5 Bb7 14.dxe5 dxe5 15.Qd3 Nxd5
16.Bxd5 Qc7 17.Red1 Bc8 18.Qc3 Qxc3 19.bxc3 Nb6 20.Nxe5 Nxd5 21.exd5 Bd6
22.Nc6 Ra8 23.Rdb1 Bf5 24.Na7 Bxc2 25.Rc1 Ba4 26.c4 Be5 27.Rab1 Bb8 28.Nc6 bxc4
29.Rxc4 Bb5 30.Rcc1 Bd6 31.Nd4 Rab8 32.Nf5 Be5 33.f4 Bf6 34.d6 g6 35.Bd4 Bxd4+
36.Nxd4 Rb6 37.d7 Rd6 38.Nxb5 axb5 39.Rd1 Rxd1+ 40.Rxd1 Rd8 41.f5 Kg7 42.Rd6 f6
43.Kf2 Kf7 44.Ke3 Ke7 45.Re6+ Kf7 46.Rd6 Ke7 47.Re6+ Kf7 48.Rd6 Ke7  1/2-1/2

[Event "Tatry Open 2013"]
[Site "Tatranske Zruby SVK"]
[Date "2013.10.04"]
[Round "7.9"]
[White "Kotlowski,T"]
[Black "Dolezal,Ra1"]
[Result "1/2-1/2"]
[WhiteElo "2033"]
[BlackElo "2368"]

1.e4 d6 2.d4 Nf6 3.Nc3 c6 4.f4 Qa5 5.Bd3 Bg4 6.Nf3 d5 7.O-O dxe4 8.Nxe4 Nbd7
9.h3 Bxf3 10.Qxf3 e6 11.f5 e5 12.Nxf6+ gxf6 13.c3 Bd6 14.b4 Qc7 15.Bc4 h5
16.Be3 Nb6 17.Bb3 O-O-O 18.dxe5 Bxe5 19.Kh1 Nd5 20.Bxd5 Rxd5 21.c4 Rd3 22.Rad1 Rhd8
23.Rxd3  1/2-1/2

[Event "Chigorin Memorial"]
[Site "St Petersburg RUS"]
[Date "2013.10.05"]
[Round "1.78"]
[White "Savitskiy,S"]
[Black "Reshetnikov,Ruslan"]
[Result "1-0"]
[WhiteElo "2354"]
[BlackElo "1878"]

1.e4 d6 2.d4 Nf6 3.Nc3 e5 4.Nf3 Nbd7 5.Bc4 Be7 6.O-O O-O 7.Re1 c6 8.a4 a5
9.h3 Qb6 10.Ba2 exd4 11.Qxd4 Qb4 12.Bg5 Ne5 13.Qe3 Nxf3+ 14.Qxf3 Be6 15.Bxe6 fxe6
16.Qd3 d5 17.Bd2 Qc5 18.exd5 exd5 19.Re2 Bd6 20.Rae1 Qb6 21.g3 Qc7 22.Kg2 Rf7
23.Be3 Raf8 24.Bd4 Bb4 25.Bxf6 Rxf6 26.f4 Qc8 27.Re5 Qd7 28.R1e2 Bd6 29.Rg5 Rh6
30.h4 Qc7 31.Nd1 Rhf6 32.Nf2 h6 33.Rg6 Qf7 34.h5 Rxg6 35.hxg6 Qf6 36.c4 Kh8
37.cxd5 cxd5 38.Ng4 Qf5 39.Qxf5 Rxf5 40.Re6 Bc5 41.Ne3 Bxe3 42.Re8+  1-0

[Event "Tatry Open 2013"]
[Site "Tatranske Zruby SVK"]
[Date "2013.10.05"]
[Round "8.8"]
[White "Daels,M"]
[Black "Mrva,Mart"]
[Result "1-0"]
[WhiteElo "2220"]
[BlackElo "2427"]

1.e4 d6 2.d4 Nf6 3.Nc3 c6 4.f4 Qa5 5.Bd2 e5 6.dxe5 dxe5 7.Nd5 Qd8 8.Nxf6+ Qxf6
9.Nf3 Nd7 10.f5 Qd6 11.Qe2 b5 12.O-O-O Qc7 13.g4 a5 14.h4 a4 15.g5 Nc5 16.Bc3 f6
17.gxf6 gxf6 18.Rg1 Qf7 19.Kb1 Nd7 20.Qd2 Qe7 21.a3 Nc5 22.Qe3 Qc7 23.Be2 Bd7
24.Nxe5 fxe5 25.Qg5 Be7 26.f6 O-O-O 27.fxe7 Rde8 28.Bxe5 Qb6 29.Bxh8 Rxh8
30.Bg4  1-0

[Event "TCh-AUT 2nd Ost 2013-14"]
[Site "Vienna AUT"]
[Date "2013.10.05"]
[Round "1.4"]
[White "Neumeier,K"]
[Black "Vitouch,A"]
[Result "1-0"]
[WhiteElo "2296"]
[BlackElo "2270"]

1.d4 d6 2.e4 Nf6 3.Nc3 e5 4.dxe5 dxe5 5.Qxd8+ Kxd8 6.Bg5 Be6 7.O-O-O+ Nd7
8.f4 exf4 9.Nf3 Bb4 10.e5 Bxc3 11.bxc3 h6 12.Bh4 g5 13.Nxg5 hxg5 14.Bxg5 Rh5
15.Bxf6+ Ke8 16.Rxd7 Kxd7 17.Be2 Rf5 18.Rd1+ Kc6 19.Bf3+ Kb6 20.h4 Rxf6 21.exf6 c5
22.h5 Rh8 23.Rh1 Kc7 24.Rh4 Kd6 25.Rxf4 Ke5 26.Ra4 a6 27.Ra5 Kd6 28.Bxb7 Kc7
29.Bf3 Kb6 30.Ra4 c4 31.Rb4+ Kc5 32.Rb7 Rh6 33.a4 Rxf6 34.a5 Bf5 35.Be2 Be4
36.Rc7+ Kd6 37.Rxc4 Bxg2 38.Rh4 Rh6 39.Bxa6 Ke5 40.Be2 f5 41.a6 f4 42.a7 Ba8
43.Rh3 Kf5 44.c4 Kg5 45.c5 Rh7 46.Ra3 Rc7 47.Ra5 Kh4 48.h6 Kg3 49.Ra3+ Kf2
50.Bf3 Rc8 51.Bxa8 Rxa8 52.h7  1-0

[Event "Lichtenrader Herbst 2013"]
[Site "Berlin GER"]
[Date "2013.10.06"]
[Round "9.20"]
[White "Deutschbein,Christopher"]
[Black "Cusnariov,N"]
[Result "1/2-1/2"]
[WhiteElo "1985"]
[BlackElo "2148"]

1.e4 d6 2.d4 Nf6 3.Nc3 c6 4.f4 Qa5 5.Bd3 e5 6.Nf3 Nbd7 7.Bd2 Qc7 8.O-O exd4
9.Nxd4 Qb6 10.Be3 Qc7 11.e5 dxe5 12.Nf5 e4 13.Bxe4 Nb6 14.Bd3 Be6 15.Nd4 Bg4
16.Be2 Bxe2 17.Qxe2 O-O-O 18.Qf3 Nc4 19.Bf2 Nd2 20.Qh3+ Qd7 21.Qxd7+ Rxd7
22.Rad1 Nde4 23.Nxe4 Nxe4 24.Be3 Bc5 25.Nf5 Bxe3+ 26.Nxe3 Nd2 27.Rfe1 Rhd8
28.Kf2 g6 29.Ke2 f5 30.Nf1 Nxf1 31.Rxf1 Re8+ 32.Kf2 c5 33.Rxd7 Kxd7 34.Rd1+ Kc6
35.g3 b5 36.Rd3 c4 37.Re3 Rd8 38.Ke2 Rd7 39.Re6+ Kc5 40.Re5+ Kc6 41.Re6+ Rd6
42.Re7 Rd7 43.Rxd7 Kxd7 44.Ke3 Kc6 45.Kd4 Kd6 46.b3 cxb3 47.cxb3 Kc6 48.Ke5 Kc5
49.Kf6 Kb4 50.Kg7 Ka3 51.Kxh7 Kxa2 52.Kxg6 Kxb3 53.h4 b4 54.h5 Ka2 55.h6 b3
56.h7 b2 57.h8=Q b1=Q 58.Qg8+  1/2-1/2

[Event "23rd EYCC Open U18 2013"]
[Site "Budva MNE"]
[Date "2013.10.06"]
[Round "7.15"]
[White "Emiroglu,C"]
[Black "Ostovic,M"]
[Result "1-0"]
[WhiteElo "2260"]
[BlackElo "2298"]

1.e4 d6 2.d4 Nf6 3.Nc3 e5 4.Nf3 Nbd7 5.Bc4 Be7 6.O-O c6 7.Re1 b5 8.Bb3 O-O
9.d5 cxd5 10.Nxd5 Bb7 11.Bg5 Rc8 12.Bxf6 Nxf6 13.c3 Rc5 14.Nxf6+ Bxf6 15.a4 a6
16.axb5 axb5 17.Qe2 Qb6 18.Red1 b4 19.c4 Qc6 20.Nd2 Bg5 21.Ba4 Qc8 22.Bb5 f5
23.Ra7 Rc7 24.exf5 Be7 25.Ne4 Kf7 26.f3 Rh8  1-0

[Event "Frauenbundesliga 2013-14"]
[Site "Germany GER"]
[Date "2013.10.06"]
[Round "2.2"]
[White "Havlikova,K"]
[Black "Levushkina,E"]
[Result "1/2-1/2"]
[WhiteElo "2231"]
[BlackElo "2303"]

1.e4 d6 2.d4 Nf6 3.Nc3 e5 4.Nf3 Nbd7 5.Bc4 Be7 6.O-O O-O 7.Re1 a6 8.a4 b6
9.b3 Bb7 10.d5 h6 11.Nd2 c6 12.dxc6 Bxc6 13.Qe2 Qc8 14.Bb2 Nc5 15.Nd5 Bd8
16.Nxf6+ Bxf6 17.Rad1 Qb7 18.Bd5 Bxd5 19.exd5 b5 20.Ba3 b4 21.Bb2 Rfe8 22.Nc4 Qc7
23.Qg4 Nd7 24.Bc1 Kh7 25.Rd3 Nf8 26.Qf5+ Ng6 27.Re4 Qe7 28.Nb6 Rad8 29.a5 Kg8
30.g3 Nf8 31.Rf3 Nh7 32.h4 g6 33.Qh3 Bg7 34.Rxb4 e4 35.Re3 f5 36.g4 Qf6 37.gxf5 gxf5
38.Bd2 Qf7 39.Kh1 Qh5 40.Re1 Nf6 41.Rc4 Ng4 42.Rf1 Bf6 43.Bf4 Qxh4 44.Kg2 Qxh3+
45.Kxh3 Bg5 46.Kg3 e3 47.fxe3 Nxe3 48.Bxe3 Rxe3+ 49.Rf3 f4+ 50.Kg2 Rde8 51.Rc8 Kf7
52.Rxe8 Rxe8 53.b4 Re2+ 54.Rf2 Re3 55.Nc4 Rg3+ 56.Kf1 Ke7 57.Re2+ Kd7 58.Re6 Rf3+
59.Ke2 Rc3 60.Rxd6+ Ke7 61.Re6+ Kf8 62.Ne5 Rxc2+ 63.Kd3 Rb2 64.Kc3 Ra2 65.Kb3 Rd2
66.Kc3 Ra2 67.Kb3 Rd2 68.Kc4 Re2 69.Kd4 Rb2 70.Kc5 Rc2+ 71.Kb6 Rb2 72.Kxa6 Rxb4
73.d6 Rb3 74.d7 f3 75.Re8+ Kg7 76.d8=Q Bxd8 77.Rxd8 h5 78.Rd3 f2 79.Rd1 Re3
80.Rf1  1/2-1/2

[Event "TCh-CRO II Liga 2013"]
[Site "Primosten CRO"]
[Date "2013.10.06"]
[Round "6.4"]
[White "Nakic,Z"]
[Black "Stipic,M"]
[Result "0-1"]
[WhiteElo "2092"]
[BlackElo "2207"]

1.e4 d6 2.d4 Nf6 3.Nc3 c6 4.Nf3 Bg4 5.Be2 Nbd7 6.O-O e5 7.a4 Be7 8.Re1 O-O
9.h3 Bh5 10.Nh2 Bxe2 11.Rxe2 a5 12.d5 Nb6 13.Bg5 Nfxd5 14.exd5 Bxg5 15.Ra3 Be7
16.Rb3 Qc7 17.Nf1 f5 18.Ng3 g6 19.Nf1 Nd7 20.f3 Nc5 21.Ra3 Qb6  0-1

[Event "Chigorin Memorial"]
[Site "St Petersburg RUS"]
[Date "2013.10.06"]
[Round "2.14"]
[White "Korneev,O"]
[Black "Akhmetov,Ay"]
[Result "1-0"]
[WhiteElo "2622"]
[BlackElo "2368"]

1.e4 d6 2.d4 Nf6 3.Nc3 e5 4.dxe5 dxe5 5.Qxd8+ Kxd8 6.Bc4 Ke8 7.Nf3 Bd6 8.a3 a6
9.Ba2 Nbd7 10.Be3 Nf8 11.Ng5 Ne6 12.Nxe6 Bxe6 13.Bxe6 fxe6 14.f3 Rd8 15.Ke2 Kf7
16.Nd1 Nd7 17.Nf2 Bc5 18.Bxc5 Nxc5 19.Ng4 Nd7 20.Rhd1 Ke7 21.Rd3 h5 22.Ne3 Nb6
23.Rad1 Rxd3 24.Rxd3 Rd8 25.Rc3 Rd7 26.Rb3 Rd4 27.c3 Ra4 28.c4 Nxc4 29.Rxb7 Nxe3
30.Kxe3 Rc4 31.Kd3 Rc6 32.h4 Kf6 33.Rb8 Rc1 34.Rf8+ Kg6 35.Ra8 Rc6 36.b4 Kf6
37.Rf8+ Ke7 38.Ra8 Kf6 39.Rf8+ Ke7 40.Rh8 Rc1 41.Rxh5 Kf6 42.Rh8 Ra1 43.Rf8+ Kg6
44.g4 Rxa3+ 45.Ke2 a5 46.h5+ Kh7 47.bxa5 Rxa5 48.Re8 Ra6 49.Re7 c5 50.Rc7 Kh6
51.Rxc5 Kg5 52.Rc7 Kf6 53.Kf2 Ra2+ 54.Kg3 Ra1 55.Rc8 Rg1+ 56.Kf2 Ra1 57.Rf8+ Ke7
58.Rh8 Kf6 59.Kg3 Rg1+ 60.Kh2 Ra1 61.h6 gxh6 62.Rxh6+ Kf7 63.g5 Rb1 64.Rf6+ Ke7
65.Kg3 Ra1 66.Kg4 Rh1 67.Rh6 Rf1 68.Rh7+ Kf8 69.g6 Rg1+ 70.Kh5 Kg8 71.Re7 Rg3
72.Rxe6 Rxf3 73.Rxe5 Kg7 74.Re7+ Kf8 75.Kg4 Re3 76.Rf7+ Kg8 77.Re7 Ra3 78.e5 Ra6
79.e6 Ra1 80.Rf7 Rg1+ 81.Kf5 Rf1+ 82.Ke5 Re1+ 83.Kd5 Rd1+ 84.Kc4  1-0

[Event "Chigorin Memorial"]
[Site "St Petersburg RUS"]
[Date "2013.10.06"]
[Round "2.19"]
[White "Palachev,P"]
[Black "Solak,D"]
[Result "0-1"]
[WhiteElo "2348"]
[BlackElo "2611"]

1.d4 d6 2.e4 Nf6 3.Nc3 e5 4.Nf3 Nbd7 5.Bc4 Be7 6.O-O exd4 7.Qxd4 Nb6 8.Be2 O-O
9.Bf4 d5 10.exd5 Nfxd5 11.Nxd5 Nxd5 12.Be5 c5 13.Qd2 Be6 14.Rad1 Qb6 15.c4 Nb4
16.b3 Rad8 17.Qb2 f6 18.Bc3 Rxd1 19.Rxd1 Rd8 20.a3 Nc6 21.Rxd8+ Qxd8 22.Qc2 g6
23.Bd3 Kf7 24.Be4 Qd7 25.h3 b6 26.Qd3 Qxd3 27.Bxd3 Bd6 28.Be4 Ne5 29.Nxe5+ Bxe5
30.Bxe5 fxe5 31.a4 Kf6 32.Kh2 Bf5 33.f3 Kg5 34.Kg3 Kh5 35.Kh2 Kg5 36.Kg3 h6
37.h4+ Kh5 38.Bxf5 gxf5 39.Kh3 f4 40.g4+ fxg3 41.Kxg3 Kg6  0-1

[Event "23rd EYCC Open U18 2013"]
[Site "Budva MNE"]
[Date "2013.10.07"]
[Round "8.26"]
[White "Abbasov,Amil1"]
[Black "Filipets,Egor"]
[Result "0-1"]
[WhiteElo "2237"]
[BlackElo "2086"]

1.e4 d6 2.d4 Nf6 3.Nc3 Nbd7 4.f3 e5 5.d5 Be7 6.Be3 O-O 7.Qd2 c5 8.g4 Ne8
9.g5 Nc7 10.a4 Rb8 11.h4 b6 12.h5 a6 13.Nge2 f5 14.gxf6 Nxf6 15.Ng3 b5 16.axb5 axb5
17.Bh3 Bxh3 18.Rxh3 Qd7 19.Qg2 Ra8 20.Rd1 Nfe8 21.Nf5 Bf6 22.Kf2 b4 23.Ne2 Ra2
24.Bc1 Nb5 25.Neg3 Kh8 26.Rg1 c4  0-1

[Event "23rd EYCC Open U18 2013"]
[Site "Budva MNE"]
[Date "2013.10.07"]
[Round "8.23"]
[White "Kisic,B"]
[Black "Radovanovic,Nik"]
[Result "1-0"]
[WhiteElo "2071"]
[BlackElo "2274"]

1.d4 d6 2.e4 Nf6 3.Nc3 e5 4.Nf3 Nbd7 5.g4 Nxg4 6.Rg1 Ngf6 7.Bc4 h6 8.dxe5 dxe5
9.Qe2 c6 10.Be3 b5 11.Bb3 Qa5 12.Bd2 Qc7 13.a4 b4 14.Na2 a5 15.Be3 Ba6 16.Bc4 Bxc4
17.Qxc4 g6 18.Nc1 Bd6 19.Nd3 c5 20.O-O-O Qc6 21.Nd2 Qxa4 22.Nxc5 Qa1+ 23.Nb1 Bxc5
24.Bxc5 Rc8 25.Qa6 Rxc5 26.Qa8+ Ke7 27.Qxh8 b3 28.c3 Nxe4 29.Rxd7+ Kxd7 30.Rd1+ Ke6
31.Qe8+ Kf6 32.Rd3 Ng5 33.Rd6+ Kg7 34.Rd8 Kf6 35.h4 Nf3 36.Rd7 Rxc3+ 37.bxc3 b2+
38.Kc2 Qa4+ 39.Kxb2 Qb5+ 40.Kc1 Qf1+ 41.Rd1 Qc4 42.Qd8+ Kg7 43.Qd3 Qf4+ 44.Qe3 Qf6
45.Nd2 Nxh4 46.Nc4 Qc6 47.Qxe5+ Kh7 48.Nd6 Qa4 49.Ne8 Qa3+ 50.Kc2 Qa4+ 51.Kb2 Nf5
52.Nf6+ Kg7 53.Ne4+ Kh7 54.Rd8  1-0

[Event "Chigorin Memorial"]
[Site "St Petersburg RUS"]
[Date "2013.10.07"]
[Round "3.88"]
[White "Grigoriev,M"]
[Black "Reshetnikov,Ruslan"]
[Result "0-1"]
[WhiteElo "2211"]
[BlackElo "1878"]

1.e4 d6 2.d4 Nf6 3.Nc3 e5 4.Nf3 Nbd7 5.h3 Be7 6.Be3 c6 7.g4 h6 8.Qd2 b5 9.a3 Bb7
10.Bg2 a5 11.Nh4 b4 12.Ne2 Nxe4 13.Bxe4 Bxh4 14.axb4 axb4 15.Rxa8 Bxa8 16.dxe5 c5
17.Bxa8 Qxa8 18.Rf1 Nxe5 19.Qxd6 Nf3+ 20.Kd1 Be7 21.Qb6 O-O 22.Nc1 Rd8+ 23.Ke2 Nh2
24.Qxd8+ Bxd8 25.Rd1 Qf3+ 26.Ke1 Bg5  0-1

[Event "Chigorin Memorial"]
[Site "St Petersburg RUS"]
[Date "2013.10.07"]
[Round "3.69"]
[White "Grinblat,Artemiy"]
[Black "Rozanov,P"]
[Result "0-1"]
[WhiteElo "2058"]
[BlackElo "2309"]

1.e4 d6 2.d4 Nf6 3.Nc3 c6 4.g3 Nbd7 5.Bg2 e5 6.Nge2 Be7 7.O-O O-O 8.a4 b6
9.h3 h5 10.Be3 a6 11.Qd2 Bb7 12.f4 Qc7 13.Bf3 b5 14.g4 hxg4 15.hxg4 b4 16.Nd1 c5
17.d5 exf4 18.Bxf4 Nh7 19.Ne3 Bf6 20.Nc4 Be5 21.Ng3 Bxf4 22.Qxf4 Ne5 23.Nxe5 dxe5
24.Qe3 g6 25.Kg2 f6 26.Be2 Kg7 27.Rad1 Rad8 28.Bc4 Bc8 29.Be2 Qd6 30.c3 Bd7
31.cxb4 cxb4 32.Rc1 Rf7 33.b3 Rc8 34.Qd3 a5 35.Rxc8 Bxc8 36.Rc1 Rc7 37.Rxc7+ Qxc7
38.d6 Qd8 39.Nf1 Ng5 40.Ne3 Ne6 41.Qc4 Bd7 42.Nd5 Qh8 43.Qa6 Ng5 44.Qa7 Qh3+
45.Kf2 Nxe4+ 46.Ke1 Qg3+ 47.Kd1 Qxb3+ 48.Ke1 Qxd5 49.Qxd7+ Kh6  0-1

[Event "23rd EYCC Open U18 2013"]
[Site "Budva MNE"]
[Date "2013.10.08"]
[Round "9.4"]
[White "Beradze,I"]
[Black "Kadric,D"]
[Result "0-1"]
[WhiteElo "2319"]
[BlackElo "2470"]

1.e4 d6 2.d4 Nf6 3.Nc3 e5 4.Nf3 exd4 5.Nxd4 Be7 6.Be2 O-O 7.O-O Re8 8.f3 c6
9.a4 Bf8 10.Kh1 Nbd7 11.g4 g6 12.Rg1 Nc5 13.Bg5 Nfxe4 14.Bxd8 Nf2+ 15.Kg2 Nxd1
16.Rgxd1 Rxd8 17.a5 a6 18.Bf1 d5 19.Rab1 Ne6 20.Nb3 Bd7 21.Na4 Be8 22.c4 Rab8
23.Kf2 c5 24.Nb6 d4 25.Nc1 Bd6 26.h3 Bc6 27.Nd3 Re8 28.Re1 Rbd8 29.Rbd1 Kg7
30.h4 h6 31.Ra1 Nf4 32.Nxf4 Bxf4 33.Rxe8 Rxe8 34.Nd5 Be3+ 35.Kg2 Bd2 36.Ra3 Re5
37.Bd3 Bb4 38.Ra1 Bxd5 39.cxd5 Rxd5 40.Be4 Rd7 41.Bd3 Re7 42.Kf2 Kf6 43.b3 Re3
44.Bc4 Re7 45.f4 Bd2 46.Kf3 Re3+ 47.Kg2 Bc3 48.g5+ hxg5 49.fxg5+ Kg7 50.Ra2 d3
51.Rf2 Re7 52.Bxd3 Bxa5 53.Rf4 b5 54.Rf6 Re3 55.Rf3 Re6 56.Kh3 Bc7 57.h5 gxh5
58.Kh4 Re1 59.Kxh5 Bd8 60.Rf5 Re3 61.Rd5 Be7 62.Kg4 c4 63.bxc4 bxc4 64.Bf5 Re1
65.Bc2 Rg1+ 66.Kf4 c3 67.Be4 Rg2 68.Rd7 c2 69.Bxc2 Bxg5+ 70.Kf5 Rxc2 71.Kxg5 Ra2
72.Rd1 Ra5+ 73.Kf4 Kf6 74.Rd6+ Ke7 75.Rb6 Ra1 76.Kf5 a5 77.Rb7+ Ke8 78.Ra7 a4
79.Ke5 a3 80.Kd4 a2 81.Kc3 Rc1+ 82.Kd4  0-1

[Event "23rd EYCC Open U18 2013"]
[Site "Budva MNE"]
[Date "2013.10.08"]
[Round "9.27"]
[White "Rieger,R"]
[Black "Ostovic,M"]
[Result "1/2-1/2"]
[WhiteElo "2213"]
[BlackElo "2298"]

1.e4 d6 2.d4 Nf6 3.Nc3 e5 4.Nf3 Nbd7 5.Bc4 Be7 6.O-O c6 7.a4 Qa5 8.Ba2 O-O
9.h3 exd4 10.Qxd4 Ne5 11.Ne1 Re8 12.Be3 c5 13.Qd2 Be6 14.b3 Rad8 15.Rd1 Nc6
16.Nd3 Qc7 17.Qe2 Nd4 18.Bxd4 cxd4 19.Nb5 Qb6 20.Nf4 d5 21.Nxe6 fxe6 22.exd5 Nxd5
23.a5 Qxa5 24.Rxd4 Bb4 25.Rfd1 Qxa2 26.Rxb4 Nxb4 27.Rxd8 Rxd8 28.Qxe6+ Kh8
29.Nd6 Qa1+ 30.Kh2 Qf6 31.Qxf6 gxf6 32.Nf7+ Kg8 33.Nxd8 b5 34.c3 Nd5 35.Nc6 a6
36.Nb4 Nc7 37.Nd3 a5 38.c4 bxc4 39.bxc4 a4 40.Nb4 Kf7 41.Kg3 Ke7 42.Kf4 Kd6
43.Ke4 Ne6 44.Kd3 Kc5 45.Kc3 Nf4 46.Na6+ Kb6 47.Nb8 Kc7 48.Na6+ Kb6 49.Nb4 Kc5
50.Na6+ Kb6 51.Nb4 Kc5  1/2-1/2

[Event "23rd EYCC Open U18 2013"]
[Site "Budva MNE"]
[Date "2013.10.08"]
[Round "9.7"]
[White "Pardo Simon,D"]
[Black "Draskovic,L"]
[Result "1-0"]
[WhiteElo "2447"]
[BlackElo "2304"]

1.e4 d6 2.d4 Nf6 3.Nc3 e5 4.Nge2 Be7 5.f3 c6 6.Be3 h5 7.Qd2 b5 8.a3 Nbd7
9.d5 Bb7 10.dxc6 Bxc6 11.Ng3 Qb8 12.Nf5 g6 13.Nxe7 Kxe7 14.Rd1 b4 15.axb4 Qxb4
16.Bg5 Rab8 17.g3 Rhd8 18.Bh3 Nf8 19.O-O Nh7 20.Be3 a5 21.b3 Kf8 22.Bg2 Kg7
23.h3 Rbc8 24.f4 Rd7 25.Qd3 Bb7 26.Na2 Qa3 27.Ra1 Qb2 28.Rfc1 a4 29.bxa4 Rdc7
30.Rcb1 Qxc2 31.Qxc2 Rxc2 32.Rxb7 Re2 33.Bf2 Rcc2 34.Nb4 Rb2 35.Rf1 Nxe4
36.Bxe4 Rxe4 37.fxe5 Rexb4 38.Rxb4 Rxb4 39.exd6 Nf8 40.Ra1 Kf6 41.a5 Rb8
42.Re1 Nd7 43.a6  1-0

[Event "Chigorin Memorial"]
[Site "St Petersburg RUS"]
[Date "2013.10.08"]
[Round "4.113"]
[White "Egorov,Daniil"]
[Black "Malova,Anna"]
[Result "1/2-1/2"]
[WhiteElo "1929"]
[BlackElo "1817"]

1.e4 d6 2.d4 Nf6 3.Nc3 e5 4.Nf3 Nbd7 5.Bc4 Be7 6.O-O O-O 7.a4 a5 8.h3 c6
9.Be3 h6 10.Qd2 Re8 11.Rad1 Qc7 12.Bxh6 gxh6 13.Qxh6 Nf8 14.Qg5+ Kh8 15.Bxf7 N8h7
16.Qh4 Rf8 17.Bg6 Rg8 18.Bxh7 Nxh7 19.Qh5 Bf6 20.dxe5 dxe5 21.Nh4 Qg7 22.g3 Bxh3
23.Ng6+ Qxg6 24.Qxh3 Rad8 25.Kg2 Kg7 26.Rd7+ Rxd7 27.Qxd7+ Qf7 28.Rd1 Rd8
29.Qg4+ Qg6 30.Rd7+ Rxd7 31.Qxd7+ Qf7 32.Qg4+ Kh6 33.Qh3+ Qh5 34.Qe6 Kg7
35.Qd7+ Qf7 36.Qg4+ Kh8 37.Qc8+ Nf8 38.Nd1 Kg7 39.Ne3 Qd7 40.Nf5+ Kg8 41.Nh6+ Kg7
42.Nf5+ Kg8 43.Nh6+  1/2-1/2

[Event "Chigorin Memorial"]
[Site "St Petersburg RUS"]
[Date "2013.10.08"]
[Round "4.79"]
[White "Komiagina,M"]
[Black "Selivanov,Ivan"]
[Result "1-0"]
[WhiteElo "2272"]
[BlackElo "2005"]

1.e4 d6 2.d4 Nf6 3.Nc3 e5 4.Nge2 Nbd7 5.g3 Be7 6.Bg2 c6 7.O-O O-O 8.a4 b6
9.h3 Ba6 10.Re1 Qc7 11.g4 Rfd8 12.Ng3 Bf8 13.Nf5 g6 14.Nh6+ Bxh6 15.Bxh6 Kh8
16.Bg5 Kg7 17.Qd2 Nf8 18.d5 c5 19.f4 exf4 20.Bxf6+ Kxf6 21.Nb5 Bxb5 22.Qc3+ Ke7
23.e5 Nd7 24.exd6+ Kxd6 25.axb5 Rf8 26.Rad1 Rae8 27.Qc4 Ne5 28.Qxf4 f6 29.c4 Qd7
30.b3 g5 31.Qg3 h6 32.Be4 Qf7 33.Bf5 h5 34.Re4 hxg4 35.Rxg4 Rh8 36.Re4 Qh5
37.Rf1 Qh6 38.b4 a6 39.bxc5+ bxc5 40.bxa6 Ra8 41.Ra1 Rhb8 42.Ree1 Ra7 43.Reb1 Qh8
44.Rb5 Rxb5 45.cxb5 Qb8 46.Rb1 Qb6 47.Qf2 Ke7 48.Be6 Ra8 49.Rf1 Rf8 50.Qf5 Qxb5
51.Qh7+ Kd6 52.Qg7 Qe8 53.Rxf6 Nf3+ 54.Kf2 Rxf6 55.Qxf6 Qa4 56.Bg4+ Kxd5
57.Bxf3+ Kc4 58.Be2+ Kd5 59.Qxg5+ Kc6 60.Qf6+ Kc7 61.Qe7+ Kc8 62.Bg4+ Kb8
63.Qb7+  1-0

[Event "Chigorin Memorial"]
[Site "St Petersburg RUS"]
[Date "2013.10.09"]
[Round "5.105"]
[White "Kazantsev,Nikita"]
[Black "Malova,Anna"]
[Result "1-0"]
[WhiteElo "1999"]
[BlackElo "1817"]

1.e4 d6 2.d4 Nf6 3.Nc3 e5 4.Nf3 Nbd7 5.Bc4 Be7 6.O-O O-O 7.a4 a5 8.h3 c6
9.Be3 h6 10.Qe2 Qc7 11.Rad1 Re8 12.Nh4 exd4 13.Bxd4 Nc5 14.e5 Nd5 15.exd6 Qxd6
16.Nxd5 cxd5 17.Bxc5 Qxc5 18.Rxd5 Qc7 19.Re5 Be6 20.Rxe6 fxe6 21.Bxe6+ Kh8
22.Ng6+ Kh7 23.Qe4  1-0

[Event "Chigorin Memorial"]
[Site "St Petersburg RUS"]
[Date "2013.10.09"]
[Round "5.78"]
[White "Hairapetian,A"]
[Black "Reshetnikov,Ruslan"]
[Result "1-0"]
[WhiteElo "2227"]
[BlackElo "1878"]

1.e4 d6 2.d4 Nf6 3.Nc3 e5 4.Nf3 Nbd7 5.Be2 Be7 6.O-O O-O 7.h3 Re8 8.Re1 c6
9.a4 b6 10.Bg5 h6 11.Bh4 a6 12.Qd2 Bb7 13.Rad1 b5 14.Bf1 Qc7 15.Bg3 Bf8 16.Qc1 b4
17.dxe5 dxe5 18.Nb1 c5 19.Nbd2 Bc6 20.b3 Qb7 21.Bc4 Nh5 22.Bh2 Nf4 23.Qa1 g6
24.Nh4 Bg7 25.Qc1 Nb6 26.Bf1 Qe7 27.Nhf3 Qf6 28.a5 Nd7 29.Re3 h5 30.Nc4 Bh6
31.Rd6 Re6 32.Qd1 Nxh3+ 33.gxh3 Bxe3 34.fxe3 Bxe4 35.Rxe6 fxe6 36.Bg2 Rf8
37.Ncd2 Bc6 38.e4 c4 39.Nxc4 Bxe4 40.Qxd7 Bxf3 41.Bxe5 Qf7 42.Qxf7+ Rxf7
43.Bd6  1-0

[Event "Indonesia Open 2013"]
[Site "Jakarta INA"]
[Date "2013.10.10"]
[Round "1.36"]
[White "Khamrakulov,D"]
[Black "Sutarno"]
[Result "0-1"]
[WhiteElo "2442"]
[BlackElo "2251"]

1.e4 d6 2.d4 Nf6 3.Nc3 e5 4.Nf3 Nbd7 5.Bc4 Be7 6.O-O O-O 7.a4 c6 8.Re1 b6
9.h3 h6 10.Be3 a6 11.Nh4 Rb8 12.Ba2 b5 13.axb5 axb5 14.Qf3 b4 15.Ne2 exd4
16.Nxd4 Ne5 17.Qe2 c5 18.Ndf3 Kh7 19.Nf5 Bxf5 20.exf5 Qd7 21.Nxe5 dxe5 22.g4 Qc7
23.h4 h5 24.g5 Ng4 25.f3 Nxe3 26.Qxe3 c4 27.Kh1 Qc6 28.Bb1 c3 29.bxc3 bxc3
30.Ba2 Rb4 31.Qf2 Rf4 32.Kg2 Rg4+ 33.Kh3 Bc5 34.Qe2 Rf4 35.Rf1 Qc8 36.Bd5 Qxf5+
37.Kg3 Qg6 38.Ra6 Bd6 39.Kh3 Kh8 40.Bc6 Qf5+ 41.Kg3 Rd4 42.Rd1 Qf4+ 43.Kg2 Rxd1
44.Qxd1 Qd2+  0-1

[Event "Chigorin Memorial"]
[Site "St Petersburg RUS"]
[Date "2013.10.11"]
[Round "7.93"]
[White "Orel,Danil"]
[Black "Kazakov,Maksym"]
[Result "1-0"]
[WhiteElo "1831"]
[BlackElo "2062"]

1.e4 d6 2.d4 Nf6 3.Nc3 e5 4.Nf3 Nbd7 5.Bc4 Be7 6.O-O O-O 7.h3 c6 8.a4 a5
9.Be3 Qc7 10.Qd2 h6 11.Rad1 Re8 12.Qe2 Bf8 13.dxe5 dxe5 14.Nh4 Nc5 15.Qf3 Be6
16.Bxe6 Nxe6 17.Bxh6 Nd4 18.Qg3 Nxe4 19.Qg4 f5 20.Nxf5 Nxf5 21.Qxf5 Nxc3
22.bxc3 Qf7 23.Qxf7+ Kxf7 24.Be3 Ke6 25.Rb1 Reb8 26.Bb6 Bd6 27.c4 Bb4 28.Rfd1 Re8
29.c5 Re7 30.Rb3 Ra6 31.c3 Rxb6 32.cxb6 Bc5 33.c4 Rf7 34.Rf3 Rxf3 35.gxf3 Bd4
36.Kf1 Kd6 37.Ke2 Kc5 38.Rg1 e4 39.fxe4 Kxc4 40.Rb1 Kc3 41.f4 Kc2 42.Rd1 Bxb6
43.Rd7 Bc5 44.Rxb7 Bb4 45.e5 Kb3 46.e6 Kxa4 47.Rxb4+  1-0

[Event "Chigorin Memorial"]
[Site "St Petersburg RUS"]
[Date "2013.10.11"]
[Round "7.80"]
[White "Pershin,Denis"]
[Black "Selivanov,Ivan"]
[Result "0-1"]
[WhiteElo "2190"]
[BlackElo "2005"]

1.e4 d6 2.d4 Nf6 3.Nc3 e5 4.Nf3 Nbd7 5.Bc4 Be7 6.O-O O-O 7.h3 c6 8.a4 b6
9.Be3 Bb7 10.Qe2 a6 11.Ba2 b5 12.Rfd1 Qc7 13.d5 b4 14.dxc6 Bxc6 15.Nd5 Bxd5
16.Bxd5 Nxd5 17.exd5 h6 18.Ne1 f5 19.Nd3 a5 20.c3 b3 21.f4 Qc4 22.Ra3 Rab8
23.Kf1 g5 24.g3 gxf4 25.gxf4 Kh7 26.Nf2 Qc8 27.Qd3 Bh4 28.Nh1 Nc5 29.Qc4 Ne4
30.Qxc8 Rfxc8 31.Bf2 Bxf2 32.Nxf2 Ng3+ 33.Kg2 Rg8 34.fxe5 dxe5 35.d6 e4 36.d7 e3
37.d8=Q Rbxd8 38.Rxd8 Rxd8 39.Kxg3 exf2 40.Kg2 Rd1 41.Kxf2 Rd2+ 42.Ke3 Rxb2
43.c4 Kg6 44.Ra1 Ra2 45.Rg1+ Kf6 46.Rb1 Rxa4 47.Rxb3 Rxc4 48.Rb6+ Kg5 49.Ra6 a4
50.Kf3 Rc3+ 51.Kg2 Ra3 52.h4+ Kxh4 53.Rxh6+ Kg4 54.Rg6+ Kf4 55.Rf6 Ra2+ 56.Kf1 a3
57.Ra6 Kf3 58.Ke1 Ra1+ 59.Kd2 a2 60.Ra3+ Kf2 61.Ra5 f4 62.Ra4 f3 63.Ra3 Re1
64.Rxa2 Re2+  0-1